000 00513nam a2200145 a 4500
005 20140412111239.0
008 010521s19uu xx 00 eng d
050 _aM 612
_bS18 1974
100 _aSpalding, R. W.
245 _aWhere did I come from? :
_bsex education for your child /
_cby R. W. Spalding, M. D.; illustrated by G.M. Eugenio.
260 _aManila, Philippines :
_bPhilippine Publishing House,
_c1974.
300 _a1v. (unp.) ; ill.
650 _aSex education-Juvenile literature
999 _c102624
_d102624